000 00616cam a22002171 4500
001 he 68000876
003 DLC
005 20260227111456.0
008 840430s1967 is 000 1 heb
010 _ahe 68000876
035 _a(OCoLC)19151830
040 _aDLC
_cMH
_dCU
_dDLC
042 _apremarc
050 0 0 _aPJ5054.S7
_bA72
100 2 _aStamler-Shomrath, Tziporah
_d1940-
245 1 0 _aAhavah ʻal ha-gevul /
_cTziporah Sṭamler-Shomrath
260 _a[Tel Aviv :
_bʻAmiḥai,
_c[1967]
300 _a151 p. ;
_c22 cm.
500 _aMahadurat Moʻadon ha-roman ha-muvḥar
752 _aIsrael
_dTel Aviv
999 _c33132
_d33132